000 01376cam a22003737a 4500
003 CHAP
005 20220329141055.0
008 971013s1988 r 00010 d
010 _a62212
011 _a63184
035 _a67360
040 _cCHAP
082 _a581.09
_bT4Y
100 0 0 _aTheophrastus.
_9112755
245 0 _aHistoria de las plantas
260 _aMadrid :
_bGredos,
_c1988
300 _a531 p.
_b: gráfs.
490 0 _aBiblioteca clásica Gredos
_v; 112
590 _aBATCH-UPD
_b10
_c20130110
_lUCH01
_h0225
590 _aBATCH-UPD
_b10
_c20130110
_lUCH01
_h1204
590 _aBATCH-UPD
_b10
_c20130409
_lUCH01
_h2247
590 _aBATCH-UPD
_b10
_c20130410
_lUCH01
_h1212
590 _aBATCH-UPD
_b10
_c20130914
_lUCH01
_h0617
590 _aCONVERSION
_b10
_c20130109
_lUCH01
_h1333
650 1 4 _aBotánica
_xHistoria.
_914552
650 1 4 _aPlantas cultivadas
_xHistoria.
_988931
830 0 _aBiblioteca clásica Gredos
_v; 112
_912261
901 _aBK
942 _cLIBRO
949 _a581.09 T4Y
_bBC
_cLIBRO
_d33724000591780
_eLIBRO
_fc.2
_gI.191459
_h92921
_i67360
_sb
_t396.00
949 _a581.09 T4Y
_bBC
_cLIBRO
_d33724000591798
_eLIBRO
_fc.3
_gI.191460
_h92922
_i67360
_sb
_t396.00
949 _a581.09 T4Y
_bBC
_cLIBRO
_d33724000591806
_eLIBRO
_fc.4
_gI.191461
_h92923
_i67360
_sb
_t396.00
949 _a581.09 T4Y
_bBC
_cLIBRO
_d3724000682696
_eLIBRO
_h91788
_i67360
_mFotocopia
_sb
999 _c62212
_d62212